LIBRARY & INFORMATION CENTRE, KCAET, TAVANUR

ONLINE PUBLIC ACCESS CATALOGUE (OPAC)

Rasabhara Sasyangal / (Record no. 324)

MARC details
000 -LEADER
fixed length control field 00308cam a2200121ua 4500
082 ## - DEWEY DECIMAL CLASSIFICATION NUMBER
Classification number 635.955
Item number RAJ/RA
100 ## - MAIN ENTRY--AUTHOR NAME
Personal name Rajendra Babu, K .
245 ## - TITLE STATEMENT
Title Rasabhara Sasyangal /
250 ## - EDITION STATEMENT
Edition statement 1 /
260 ## - PUBLICATION, DISTRIBUTION, ETC. (IMPRINT)
Place of publication Thiruvananthapuram :
Name of publisher State Instititute of Languages ,
Year of publication 1977.
300 ## - PHYSICAL DESCRIPTION
Number of Pages 192 ; .
942 ## - ADDED ENTRY ELEMENTS (KOHA)
Koha item type Books
Holdings
Withdrawn status Lost status Damaged status Home library Current library Date acquired Full call number Accession Number Koha item type
    Damaged KAUAET KAUAET 07/04/2012 635.955 14027 Books
      KAUAET KAUAET 07/04/2012 635.955 14026 Books
free website counter